000
00510nam a2200133Ia 4500
008
100328s9999 xx 000 0 und d
082
_b
7861
100
_a
सावरकर
245
_a
चाफेकर नि रानडे यांजवर फटका
260
_b
कॉन्टीनेन्टल
630
_a
चाफेकर नि रानडे यांजवर फटका
730
_a
चाफेकर नि रानडे यांजवर फटका
942
_c
BOOK
999
_c
503665
_d
503662